LEADER 00766nam0-22002891i-450- 001 990000891750403321 005 20060727160325.0 035 $a000089175 035 $aFED01000089175 035 $a(Aleph)000089175FED01 035 $a000089175 100 $a20020821d1982----km-y0itay50------ba 101 0 $aita 105 $ay-------001yy 200 1 $aViscoplasticity 210 $aBoston-London$cMartinus Niijhoff$d1982. 215 $ap.306$cill.$dcm 24 610 0 $aTeoria della Plasticita 700 1$aCristescu,$bNicolae$043082 702 1$aSuliciu,$bIon 801 0$aIT$bUNINA$gRICA$2UNIMARC 901 $aBK 912 $a990000891750403321 952 $a03 TP.0,105$b3988$fIINTC 959 $aIINTC 996 $aViscoplasticity$9356595 997 $aUNINA